00917cam a22002171 4500001001300000003000400013005001700017008004100034010001700075035002000092040002300112050002400135100004200159245027900201260003300480300001800513500004100531501009100572650001900663999001700682he 68003836 DLC20260227111507.0870526r19641912is 000 0 hebr  ahe 68003836  a(OCoLC)15730262 aDLCcTxUdTxUdDLC00aBJ1287.A33bI3 19641 aAlami, Solomon,dactive 15th century.10aIgeret musarcshe-shalaḥ Shelomoh Al-ʻAmi le-talmido mi-Portugʼal ... mevaʼer lo kol midot ḥashuvot ... be-ḥokhmah, ba-musar, ba-yirʼah ... ve-gam kol midot megunot ... ve-nilvah la-zeh devarim ... [me-et] R. Y. M mi-Gur ve-Ḥanokh Ḥenikh ha-Kohen mi-Aleksandr. aYerushalayim,c725 [1964/65] a32 p.c22 cm. aPhoto-offset of Piotrków, 1912 ed. aBound with Teomim, Joseph ben Meir. Matan sekharan shel mitsvot [Jerusalem, 1964/65] 0aJewish ethics. c33991d33991